Լուսաբանութիւն : (Record no. 193925)
[ view plain ]
| 000 -LEADER | |
|---|---|
| fixed length control field | 01431nam a2200301 a 4500 |
| 001 - CONTROL NUMBER | |
| control field | 000521244 |
| 003 - CONTROL NUMBER IDENTIFIER | |
| control field | AM-YEHGA |
| 005 - DATE AND TIME OF LATEST TRANSACTION | |
| control field | 20250618072819.0 |
| 008 - FIXED-LENGTH DATA ELEMENTS--GENERAL INFORMATION | |
| fixed length control field | 070216|2006 ai a||||r|||||||||0|arm|d |
| 020 ## - INTERNATIONAL STANDARD BOOK NUMBER | |
| International Standard Book Number | 9993060690 |
| 040 ## - CATALOGING SOURCE | |
| Original cataloging agency | AM-YeHGA |
| 041 0# - LANGUAGE CODE | |
| Language code of text/sound track or separate title | arm |
| 090 ## - LOCALLY ASSIGNED LC-TYPE CALL NUMBER (OCLC); LOCAL CALL NUMBER (RLIN) | |
| -- | 195399 |
| 100 1# - MAIN ENTRY--PERSONAL NAME | |
| Personal name | Փանիկյան, Օնիկ Ստեփանի, |
| Dates associated with a name | 1905-1975 |
| 9 (RLIN) | 2838 |
| 245 10 - TITLE STATEMENT | |
| Title | Լուսաբանութիւն : |
| Remainder of title | (Ինքնակենսագրական նօթեր) / |
| Statement of responsibility, etc. | Օ.Ս. Փանիկեան ; Խմբ.՝ Հ. Բախչինեան ; Առաջաբ.՝ Վ. Վաղարշակեան, Ա. Ահարոնեան ; Ե. Չարենցի անվ. ԳԱԹ. |
| 260 ## - PUBLICATION, DISTRIBUTION, ETC. | |
| Place of publication, distribution, etc. | Երևան : |
| Name of publisher, distributor, etc. | ԳԱԹ հրատ., |
| Date of publication, distribution, etc. | 2006. |
| 300 ## - PHYSICAL DESCRIPTION | |
| Extent | 177 էջ : |
| Other physical details | լուսանկ. ; |
| Dimensions | 20 սմ. |
| 525 ## - SUPPLEMENT NOTE | |
| Supplement note | Հավելված, էջ՝ 129-177 |
| 650 14 - SUBJECT ADDED ENTRY--TOPICAL TERM | |
| Topical term or geographic name entry element | Հայ գրողների կյանքն ու գործունեությունը |
| 9 (RLIN) | 4515 |
| 650 14 - SUBJECT ADDED ENTRY--TOPICAL TERM | |
| Topical term or geographic name entry element | Հայ գրականություն |
| General subdivision | Պոեզիա |
| 650 14 - SUBJECT ADDED ENTRY--TOPICAL TERM | |
| Topical term or geographic name entry element | Հայ գրականություն |
| General subdivision | Նոթեր |
| 700 1# - ADDED ENTRY--PERSONAL NAME | |
| Personal name | Բախչինյան, Հենրիկ Գրիգորի, |
| Dates associated with a name | 1948- |
| Relator term | խմբ. |
| Relationship | edt |
| 9 (RLIN) | 2717 |
| 700 1# - ADDED ENTRY--PERSONAL NAME | |
| Personal name | Վաղարշակեան, Վաղանուշ |
| Relator term | առաջաբ. |
| Relationship | aui |
| 700 1# - ADDED ENTRY--PERSONAL NAME | |
| Personal name | Ահարոնեան, Արուս |
| Relator term | առաջաբ. |
| Relationship | aui |
| 710 2# - ADDED ENTRY--CORPORATE NAME | |
| Corporate name or jurisdiction name as entry element | Եղիշե Չարենցի անվան գրականության և արվեստի թանգարան |
| 740 0# - ADDED ENTRY--UNCONTROLLED RELATED/ANALYTICAL TITLE | |
| Uncontrolled related/analytical title | Նալբանդեանի ոգին: [Պոեմ] |
| 942 00 - ADDED ENTRY ELEMENTS (KOHA) | |
| Source of classification or shelving scheme | Universal Decimal Classification |
| Koha item type | Գրքեր / Books |
| Withdrawn status | Lost status | Damaged status | Not for loan | Collection | Home library | Current library | Date acquired | Cost, normal purchase price | Shelving control number | Total checkouts | Full call number | Barcode | Date last seen | Price effective from | Koha item type | Public note | Source of classification or shelving scheme |
|---|---|---|---|---|---|---|---|---|---|---|---|---|---|---|---|---|---|
| General | Fundamental Scientific Library | Fundamental Scientific Library | 28/12/2016 | 700.00 | AII/91968 | 220091968 | 28/12/2016 | 28/12/2016 | Գրքեր / Books | 30 Days Loan | |||||||
| General | Fundamental Scientific Library | Fundamental Scientific Library | 28/12/2016 | 700.00 | AII/91969 | 220091969 | 28/12/2016 | 28/12/2016 | Գրքեր / Books | 30 Days Loan | |||||||
| General | Fundamental Scientific Library | Fundamental Scientific Library | 08/01/2024 | AII/111220 | FL0681551 | 08/01/2024 | 08/01/2024 | Գրքեր / Books | 30 Days Loan | Universal Decimal Classification | |||||||
| General | Fundamental Scientific Library | Fundamental Scientific Library | 08/01/2024 | AII/111221 | FL0681552 | 08/01/2024 | 08/01/2024 | Գրքեր / Books | 30 Days Loan |
ՀՀ Գիտությունների ազգային ակադեմիայի հիմնարար գիտական գրադարան = Fundamental Scientific Library of NAS RA
All site content, except where otherwise noted, is licensed under a